00926nam a22002537a 450000500170000001000130001702000110003003500130004103700160005404000120007008200180008210000230010024501720012324600060029526000420030127000590034330000210040265000130042365000280043670000280046494200270049299900190051995201340053820170124110223.0 aA-423076 c250.00 aA-423076 bCen Lib/Ret aDPLbEN a342.0686bARO aH. C. Arora940336 aLaw relating to transfer and deputation of employees :cby H. C. Arora [and] S. L. Sachdevabin govt.--govt. public and private sector factories, industries and bank / b  bSkylark Publicationsc1990aNew Delhi bNew Delhia1/5, Bhagat Singh Lane, Gole Markete110001 a282p. c24cm(Hb) aLaw9104 aLaw -- Employees940337 aSachdeva, S. L. 940338 2ddccENh342.0686mARO c134286d134286 001040718REFaLbLd2015-07-29eCen Lib/Retg250.00l0o342.0686 AROpA-423076r2015-07-29 00:00:00t1v250.00w2015-07-29yEN